[Event "Larnaca OFIS op 2nd"]
[Site "Larnaca"]
[Date "2021.10.27"]
[Round "2"]
[White "Naoum, Spyridon"]
[Black "Jansen, Dirk Norbert"]
[Result "1-0"]
[WhiteElo "2281"]
[BlackElo "2149"]
[PlyCount "81"]
[EventDate "2021.10.22"]
[EventType "swiss"]
[EventRounds "9"]
[EventCountry "CYP"]
[SourceTitle "CBM 204 Extra"]
[Source "ChessBase"]
[SourceDate "2021.11.30"]
[SourceVersion "1"]
[SourceVersionDate "2021.11.30"]
[SourceQuality "1"]

1. d4 Nf6 2. c4 g6 3. f3 d5 4. cxd5 Nxd5 5. e4 Nb6 6. Nc3 Bg7 7. Be3 Nc6 8. Bb5 Bd7 9. Nge2 0-0 10. 0-0 e5 11. d5 Ne7 12. Rc1 c6 13. dxc6 Nxc6 14. b3 Rc8 15. Bxc6 Rxc6 16. Nd5 Nxd5 17. exd5 Rxc1 18. Nxc1 Bb5 19. Rf2 b6 20. d6 Qd7 21. Rc2 Rc8 22. Rxc8+ Qxc8 23. a4 Bd7 24. Ne2 Qc6 25. Qd3 Bc8 26. Nc3 Bd7 27. Nb5 Bf8 28. Nxa7 Qxd6 29. Qxd6 Bxd6 30. Bxb6 f5 31. Nb5 Bxb5 32. axb5 Bb8 33. Kf2 Kf7 34. Ke3 Ke6 35. Kd3 e4+ 36. fxe4 fxe4+ 37. Kxe4 Bxh2 38. Be3 Kd7 39. Kd5 h5 40. b6 Bg3 41. Bd4 1-0

[Event "GRE-chT2 48th"]
[Site "Thessaloniki"]
[Date "2021.10.07"]
[Round "4.1"]
[White "Naoum, Spyridon"]
[Black "Pavlidis, Antonios"]
[Result "0-1"]
[WhiteElo "2281"]
[BlackElo "2531"]
[PlyCount "38"]
[EventDate "2021.10.05"]
[EventType "team-swiss"]
[EventRounds "7"]
[EventCountry "GRE"]
[SourceTitle "CBM 204 Extra"]
[Source "ChessBase"]
[SourceDate "2021.11.30"]
[SourceVersion "1"]
[SourceVersionDate "2021.11.30"]
[SourceQuality "1"]
[WhiteTeam "Chania SA"]
[BlackTeam "Kavalas"]
[WhiteTeamCountry "GRE"]
[BlackTeamCountry "GRE"]

1. d4 Nf6 2. c4 e6 3. Nc3 Bb4 4. g3 0-0 5. Bg2 d5 6. a3 Bxc3+ 7. bxc3 dxc4 8. Nf3 c5 9. 0-0 Bd7 10. Ne5 Bc6 11. Nxc6 Nxc6 12. dxc5 Qa5 13. Bxc6 bxc6 14. Qd4 Nd5 15. Bd2 Qa4 16. e4 Nc7 17. Qd7 Nb5 18. Qxc6 Rac8 19. Qd7 Rc7 0-1

[Event "Guimaraes op"]
[Site "Guimaraes"]
[Date "2021.08.27"]
[Round "6"]
[White "Naoum, Spyridon"]
[Black "Csonka, Balazs"]
[Result "1/2-1/2"]
[WhiteElo "2288"]
[BlackElo "2490"]
[PlyCount "60"]
[EventDate "2021.08.24"]
[EventType "swiss"]
[EventRounds "9"]
[EventCountry "POR"]
[SourceTitle "CBM 204 Extra"]
[Source "ChessBase"]
[SourceDate "2021.11.30"]
[SourceVersion "1"]
[SourceVersionDate "2021.11.30"]
[SourceQuality "1"]

1. d4 Nf6 2. c4 e6 3. Nc3 Bb4 4. Bd2 0-0 5. Nf3 c5 6. e3 cxd4 7. Nxd4 Nc6 8. a3 Be7 9. Be2 d5 10. cxd5 Nxd4 11. exd4 Nxd5 12. Bf3 b6 13. Nxd5 exd5 14. 0-0 Be6 15. Qa4 Qe8 16. Qxe8 Rfxe8 17. Rac1 Rec8 18. Rxc8+ Rxc8 19. Rc1 Rxc1+ 20. Bxc1 Kf8 21. Kf1 Ke8 22. Ke2 Kd7 23. Kd3 Kc6 24. Bd1 h6 25. Bd2 Bf5+ 26. Kc3 Be6 27. Be2 Bf5 28. Bd1 Be6 29. Be2 Bf5 30. Bd1 Be6 1/2-1/2

[Event "Paleochora op 13th"]
[Site "Paleochora"]
[Date "2020.07.21"]
[Round "5"]
[White "Naoum, Spyridon"]
[Black "Deli, Eleanna Ratzvika"]
[Result "1-0"]
[WhiteElo "2293"]
[BlackElo "1832"]
[PlyCount "69"]
[EventDate "2020.07.18"]
[EventType "swiss"]
[EventRounds "9"]
[EventCountry "GRE"]
[SourceTitle "EXT 2021"]
[Source "ChessBase"]
[SourceDate "2020.10.23"]
[SourceVersion "1"]
[SourceVersionDate "2020.10.23"]
[SourceQuality "1"]

1. d4 d5 2. c4 c6 3. Nf3 Nf6 4. Nc3 e6 5. Bg5 Nbd7 6. e3 Qa5 7. Nd2 Bb4 8. Bxf6 Nxf6 9. Rc1 Qd8 10. a3 Be7 11. Be2 0-0 12. b4 a5 13. Qb3 axb4 14. axb4 Bd6 15. 0-0 e5 16. dxe5 Bxe5 17. Nf3 dxc4 18. Bxc4 Bd6 19. h3 h6 20. e4 Nd7 21. Kh1 Qe7 22. Rb1 b5 23. Bd3 g5 24. Ne2 Ne5 25. Nfd4 Bd7 26. Ra1 Rxa1 27. Rxa1 Nxd3 28. Qxd3 Qe5 29. Ng3 Be6 30. Rd1 Bc4 31. Qf3 c5 32. Ndf5 Bc7 33. Nxh6+ Kg7 34. Ng4 Qf4 35. Nh5+ 1-0

[Event "Paleochora op 12th"]
[Site "Paleochora"]
[Date "2019.07.20"]
[Round "9"]
[White "Persson, Andreas"]
[Black "Naoum, Spyridon"]
[Result "0-1"]
[WhiteElo "2095"]
[BlackElo "2299"]
[PlyCount "108"]
[EventDate "2019.07.13"]
[EventType "swiss"]
[EventRounds "9"]
[EventCountry "GRE"]
[SourceTitle "EXT 2020"]
[Source "ChessBase"]
[SourceDate "2019.10.17"]
[SourceVersion "1"]
[SourceVersionDate "2019.10.17"]
[SourceQuality "1"]

1. d4 Nf6 2. c4 g6 3. Nf3 Bg7 4. g3 0-0 5. Bg2 d6 6. 0-0 Nc6 7. Nc3 a6 8. b3 Rb8 9. Nd5 Nd7 10. Bb2 e6 11. Nf4 Ne7 12. Qd2 b6 13. Rfd1 Bb7 14. Bh3 Qe8 15. Qc2 Bh6 16. Ne1 Rd8 17. e4 Bg7 18. a4 a5 19. Qe2 c5 20. d5 Bxb2 21. Qxb2 e5 22. Ne2 Bc8 23. Nc3 f5 24. Nd3 Nf6 25. f3 Kh8 26. Nf2 g5 27. exf5 Bxf5 28. Nce4 Qg6 29. Nxd6 Bxh3 30. Nxh3 Rxd6 31. Qxe5 Rd7 32. Nxg5 Nf5 33. Ne6 Re8 34. Qc3 Kg8 35. Rd2 Nh5 36. g4 Nhg7 37. Kh1 Nh4 38. Nxg7 Qxg7 39. Qxg7+ Kxg7 40. Rd3 Ng6 41. Rf1 Nf4 42. Rdd1 Re3 43. Rde1 Rde7 44. Rxe3 Rxe3 45. h4 Rxb3 46. Re1 Rxf3 47. Re7+ Kg6 48. h5+ Kg5 49. Rxh7 Kh4 50. Re7 Kxg4 51. d6 Nxh5 52. d7 Rd3 53. Re6 Rxd7 54. Rxb6 Nf4 0-1

[Event "Paleochora op 12th"]
[Site "Paleochora"]
[Date "2019.07.15"]
[Round "4"]
[White "Naoum, Spyridon"]
[Black "Hylands, Liam M"]
[Result "1-0"]
[WhiteElo "2299"]
[BlackElo "1922"]
[PlyCount "110"]
[EventDate "2019.07.13"]
[EventType "swiss"]
[EventRounds "9"]
[EventCountry "GRE"]
[SourceTitle "EXT 2020"]
[Source "ChessBase"]
[SourceDate "2019.10.17"]
[SourceVersion "1"]
[SourceVersionDate "2019.10.17"]
[SourceQuality "1"]

1. d4 Nf6 2. c4 c5 3. Nf3 cxd4 4. Nxd4 e5 5. Nb5 d5 6. cxd5 Bc5 7. N5c3 0-0 8. g3 e4 9. Bg2 Qe7 10. 0-0 e3 11. f4 Bf5 12. a3 a5 13. Na4 Ba7 14. Nbc3 Qd7 15. b4 Ng4 16. d6 Nf2 17. Qd5 Nh3+ 18. Kh1 Nf2+ 19. Rxf2 exf2 20. Nc5 Bxc5 21. bxc5 Be6 22. Qd4 Nc6 23. Qxf2 b6 24. Na4 bxc5 25. Nb6 Qxd6 26. Nxa8 Rxa8 27. Be3 c4 28. Kg1 Rc8 29. Bc5 Qd2 30. f5 Bd7 31. f6 Ne5 32. Qd4 Qxd4+ 33. Bxd4 Nc6 34. Bxc6 Rxc6 35. fxg7 f6 36. Rb1 Kxg7 37. Rb7 Rd6 38. e3 Kg6 39. Rc7 Rc6 40. Rxd7 c3 41. Bxc3 Rxc3 42. a4 Rxe3 43. Rd5 Re5 44. Rxe5 fxe5 45. Kf2 Kf5 46. Kf3 Ke6 47. Ke4 Kd6 48. g4 Kc5 49. h4 Kb4 50. g5 Kxa4 51. h5 Kb3 52. g6 hxg6 53. hxg6 a4 54. g7 a3 55. g8Q+ Kb2 1-0

[Event "Kavala op 27th"]
[Site "Kavala"]
[Date "2018.08.06"]
[Round "3"]
[White "Naoum, Spyridon"]
[Black "Bulmaga, Irina"]
[Result "1-0"]
[WhiteElo "2302"]
[BlackElo "2401"]
[PlyCount "107"]
[EventDate "2018.08.05"]
[EventType "swiss"]
[EventRounds "9"]
[EventCountry "GRE"]
[SourceTitle "CBM 186 Extra"]
[Source "ChessBase"]
[SourceDate "2018.08.24"]
[SourceVersion "1"]
[SourceVersionDate "2018.08.24"]
[SourceQuality "1"]

1. d4 Nf6 2. c4 e6 3. Nc3 Bb4 4. g3 0-0 5. Bg2 Bxc3+ 6. bxc3 d6 7. Nf3 Nc6 8. Qd3 Rb8 9. Nd2 Qd7 10. 0-0 b6 11. Nb3 Ba6 12. Bg5 d5 13. Bxf6 Bxc4 14. Qf3 gxf6 15. Qxf6 Bxe2 16. Qg5+ Kh8 17. Qf6+ Kg8 18. Rfe1 Bd3 19. Qh6 Rbe8 20. Re3 Bg6 21. h4 f6 22. h5 Bc2 23. Rc1 Bxb3 24. axb3 Nd8 25. Rce1 a5 26. Bh3 c5 27. Qf4 c4 28. bxc4 dxc4 29. h6 Re7 30. Re4 b5 31. Rd1 Qd5 32. Rde1 b4 33. Bg2 Qd7 34. d5 e5 35. Qh4 Nb7 36. cxb4 Nd6 37. Bh3 Qc7 38. Rg4+ Kh8 39. bxa5 Qxa5 40. Rd1 Qc5 41. Rg7 Rxg7 42. hxg7+ Kxg7 43. Be6 Qc7 44. Qg4+ Kh8 45. Rc1 f5 46. Qf3 f4 47. g4 e4 48. Qa3 f3 49. Rxc4 Qd8 50. Qc3+ Qf6 51. Qxf6+ Rxf6 52. Rc6 e3 53. fxe3 Ne8 54. Rc8 1-0